| 000 | 01373nmc a2200385 a 4500 | ||
|---|---|---|---|
| 003 | AR-BaBNM | ||
| 005 | 20251128204915.0 | ||
| 008 | 011101s1995 ||||||||||||||000 | spa|| | ||
| 020 | _a84-277-0823-8 | ||
| 040 | _cAR-BaBNM | ||
| 100 | 1 | _aPascual Marina, Antonia V. | |
| 245 | 1 | 0 |
_aClarificación de valores y desarrollo humano _bestrategias para la escuela |
| 250 | _a2ª ed. | ||
| 260 |
_aMadrid _bNarcea _c1995 |
||
| 300 |
_ap. 206 _bil., tablas, gráfs. |
||
| 490 | 0 | _aEducación hoy | |
| 500 | _aAnexos | ||
| 500 | _aApéndice 1: Cuestionarios de evaluación: p. 173-183 | ||
| 500 | _aApéndice 2: Hojas de valores realizadas por alumnas de Primaria del Instituto "María Isabel Dondé" | ||
| 500 | _aApéndice 3: Respuestas de alumnas de Secundaria del Instituto "María Isabel Dondé" al cuestionario de evaluación de final del año escolar | ||
| 504 | _aBibliografía: p.202-206 | ||
| 504 | _aApéndice 4: Bibliografía comentada sobre clarificación de valores | ||
| 650 | 4 | _aVALORES MORALES | |
| 650 | 4 | _aTEORIA | |
| 650 | 4 | _aMEDIOS DE ENSENANZA | |
| 650 | 4 | _aACTIVIDADES DE APRENDIZAJE | |
| 650 | 4 | _aAPRENDIZAJE ASOCIATIVO | |
| 650 | 4 | _aGRUPOS DE DISCUSION | |
| 650 | 4 | _aMOTIVACION DEL ALUMNO | |
| 650 | 4 | _aCUESTIONARIOS | |
| 651 | 4 | _aEspaña | |
| 653 | _aEDUCACION INICIAL | ||
| 653 | _aEDUCACION GENERAL BASICA | ||
| 942 | _cBK | ||
| 999 |
_c9285 _d9285 |
||